<?xml version="1.0" encoding="UTF-8"?><?xml-stylesheet type="text/xsl" href="static/style.xsl"?><OAI-PMH xmlns="http://www.openarchives.org/OAI/2.0/" xmlns:xsi="http://www.w3.org/2001/XMLSchema-instance" xsi:schemaLocation="http://www.openarchives.org/OAI/2.0/ http://www.openarchives.org/OAI/2.0/OAI-PMH.xsd"><responseDate>2026-04-14T18:27:43Z</responseDate><request verb="GetRecord" identifier="oai:uvadoc.uva.es:10324/66705" metadataPrefix="marc">https://uvadoc.uva.es/oai/request</request><GetRecord><record><header><identifier>oai:uvadoc.uva.es:10324/66705</identifier><datestamp>2024-03-14T20:02:03Z</datestamp><setSpec>com_10324_38</setSpec><setSpec>col_10324_852</setSpec></header><metadata><record xmlns="http://www.loc.gov/MARC21/slim" xmlns:doc="http://www.lyncode.com/xoai" xmlns:xsi="http://www.w3.org/2001/XMLSchema-instance" xmlns:dcterms="http://purl.org/dc/terms/" xsi:schemaLocation="http://www.loc.gov/MARC21/slim http://www.loc.gov/standards/marcxml/schema/MARC21slim.xsd">
<leader>00925njm 22002777a 4500</leader>
<datafield tag="042" ind1=" " ind2=" ">
<subfield code="a">dc</subfield>
</datafield>
<datafield tag="720" ind1=" " ind2=" ">
<subfield code="a">Fernández Redondo, Francisco Javier</subfield>
<subfield code="e">author</subfield>
</datafield>
<datafield tag="260" ind1=" " ind2=" ">
<subfield code="c">2024</subfield>
</datafield>
<datafield tag="520" ind1=" " ind2=" ">
<subfield code="a">En este Trabajo de Fin de Grado (TFG) realizaremos un repaso teórico sobre el juego, para continuar con una propuesta de intervención en el ámbito de la Educación Física (EF) sobre los juegos de iniciación deportiva, que se llevará a cabo con alumnos de 6º de Educación Primaria.&#xd;
En esta propuesta de intervención se utilizará una metodología por descubrimiento guiado, durante 6 sesiones en la que desarrollemos habilidades como la fuerza, la flexibilidad, la velocidad, la coordinación, el equilibrio y la precisión.</subfield>
</datafield>
<datafield tag="024" ind2=" " ind1="8">
<subfield code="a">https://uvadoc.uva.es/handle/10324/66705</subfield>
</datafield>
<datafield tag="245" ind1="0" ind2="0">
<subfield code="a">La iniciación deportiva: propuesta de intervención para educación primaria</subfield>
</datafield>
</record></metadata></record></GetRecord></OAI-PMH>